Reglamento para los aprovechamientos, aprobado por Real Orden de 24 de Diciembre de 1910 / Canal de Aragón y Cataluña
Publicado:
Lérida (Tipo - Litografía Sol y Benet), [1911] :
Descripción Física:
35 p., 1 f. pleg. ; 15'5 cm
MARC
| LEADER | 00000nam a2200000Ia 4500 | ||
|---|---|---|---|
| 001 | 12046 | ||
| 008 | 160829s9999 xx 000 0 cat d | ||
| 080 | |a RF-1-53 | ||
| 100 | |a Canal d'Aragó i Catalunya |9 34028 | ||
| 245 | |a Reglamento para los aprovechamientos, aprobado por Real Orden de 24 de Diciembre de 1910 / Canal de Aragón y Cataluña | ||
| 260 | |a Lérida (Tipo - Litografía Sol y Benet), [1911] | ||
| 300 | |a 35 p., 1 f. pleg. ; |c 15'5 cm | ||
| 650 | |a Canal d'Aragó i Catalunya |x Reglaments i procediment |9 34029 | ||
| 650 | |a Recursos hidràulics |x Explotació |9 34030 | ||
| 856 | 4 | |u https://media.diba.cat/diba/fitxers/arxiu/fulletons/bib_12046_1910_baixa.pdf |y Accés lliure | |
| 856 | 4 | |u https://media.diba.cat/diba/fitxers/arxiu/fulletons/bib_12046_1910_baixa.pdf |y Accés lliure | |
| 901 | |a Arxiu | ||
| 942 | |n 1 |2 udc | ||
| 952 | |0 0 |1 0 |4 0 |6 RF153 |7 1 |9 46350 |a Arxiu |b Arxiu |d 2016-12-01 |l 0 |o RF-1-53 |p 12046 |r 2016-12-01 00:00:00 |w 2016-12-01 |y ARXIU | ||
| 999 | |c 50135 |d 50135 | ||
| 900 | |a bib_12046_1910_baixa.pdf | ||